| 000 | 00664cam a22002294a 4500 | ||
|---|---|---|---|
| 005 | 20260504125543.0 | ||
| 020 | _a9788131719275 | ||
| 041 | _aENG | ||
| 082 | 0 | 0 |
_a519.5 _bNEW |
| 100 | 1 | _aNewbold, Paul. | |
| 245 | 1 | 0 |
_aStatistics for business and economics / _cPaul Newbold, William L. Carlson, Betty M. Thorne. |
| 250 | _a6th ed. | ||
| 260 |
_aNew Delhi. : _bPearson Prentice Hall , _c2007. |
||
| 300 |
_axx, 977 pages ; _c26 cm. |
||
| 504 | _aIncludes index. | ||
| 650 | 0 | _aCommercial statistics. | |
| 650 | 0 |
_aEconomics _xStatistical methods. |
|
| 650 | 0 | _aStatistics. | |
| 700 | 1 | _aCarlson, William L. | |
| 700 | 1 | _aThorne, Betty. | |
| 942 |
_2ddc _cBK |
||
| 999 |
_c24336 _d24336 |
||